Star Trek General Knowledge Quiz #2 - Statistics

General Stats
  • This quiz has been taken 52 times
  • The average score is 11 of 18
Answer Stats
Hint Answer % Correct
Which near-omnipotent being visited the Enterprise-D, Deep Space Nine, and Voyager on several occasions? Q
85%
Who was the only crew member of that original pilot to remain part of the main cast of the series? Spock
80%
As of 2018, how many total Star Trek films have been released? 13
76%
Who did Dr. Martin Luther King Jr. urge not to quit Star Trek? Nichelle Nichols
76%
Which actress was so inspired by the above answer that they specifically asked for a role on The Next Generation? Whoopi Goldberg
76%
Which member of The Next Generation cast was fired after season 1, but brought back for season 3? Gates McFadden
71%
Which member of an alternate-universe Enterprise-D crew was captured and gave birth to a half-Romulan daughter? Tasha Yar
66%
What was the first pilot episode of the original series called? The Cage
63%
What creatures did the Enterprise crew travel back in time to take back to the 23rd century? Humpback whales
59%
Which group of former colonists and Starfleet officers were considered traitors by Starfleet and terrorists by the Cardassians? The Maquis
59%
What year did Star Trek creator Gene Roddenberry die? 1991
56%
Which prototype starship was permanently stationed at Deep Space Nine under Captain Sisko's command? USS Defiant
51%
Which member of the Deep Space Nine crew was genetically enhanced to have superior intelligence? Dr. Julian Bashir
49%
What species was genetically engineered to be the loyal military force of the Dominion? Jem'Hadar
44%
Which former Enterprise-D crew member was the first to re-establish contact with Voyager in the Delta Quadrant? Lt. Reginald Barclay
44%
What species was Neelix? Talaxian (hybrid)
41%
What studio produced the original series? Desilu Studios
39%
On what starship did Michael Burnham serve as First Officer before being stripped of rank and sentenced to life imprisonment for mutiny? USS Shenzhou
17%
No matching quizzes found
Score Distribution
Percent of People with Each Score
Percentile by Number Answered
Your Score History
You have not taken this quiz